banner-ar

التجارة فى افريقية و طرابلس الغرب خلال العصرين الموحدى و الحفصى : (Record no. 62527)

MARC details
000 -الفاتح
حقل البيانات ثابتة الطول 00987nam a22002177a 4500
005 - وقت وتاريخ اخر تعامل مع التسجيلة
رقم الضبط 20240530110554.0
008 - عناصر البيانات ثابتة الطول - معلومات عامة
حقل البيانات ثابتة الطول 160808s2013 xxubf f b 000 0 ara d
017 ## - رقم الايداع القانونى
رقم الايداع القانونى 2013/26
المصدر ( الهيئة المختصة) ليبيا . دار الكتب الوطنية
020 ## - الرقم الدولى المعيارى للكتب
الرقم الدولى المعيارى للكتاب 9789959631176
040 ## - مصدر الفهرسة
وكالة الفهرسة الأصلية EG-CaGPL
082 04 - رقم تصنيف ديوى العشرى
رقم الطبعة 21
رقم التصنيف 953.072\
رقم المادة م ت
100 0# - المدخل الرئيسى - إسم شخصى
الإسم الشخصى مريم محمد عبدالله جبوده
245 12 - بيان العنوان
العنوان التجارة فى افريقية و طرابلس الغرب خلال العصرين الموحدى و الحفصى :
بقية العنوان (555 - 915 هـ / 1160 - 1510 م ) /
بيان المسئوليه,etc اعداد مريم محمد عبدالله جبوده
250 ## - بيان الطبعة
بيان الطبعة ط. 1
260 ## - PUBLICATION, DISTRIBUTION, ETC. (IMPRINT)
تاريخ النشر أو التوزيع 2013 .
300 ## - الوصف المادى
التعداد 351 ص. :
تفاصيل ماديه اخرى للوعاء خرائط ، صور ؛
أبعاد الوعاء 24 سم +
المادة المصاحبة ملاحق .
504 ## - تبصرة ببليوجرافية
تبصرة ببليوجرافية,الخ يشتمل على ارجاعات ببليوجرافية
651 04 - المدخل الاضافى بالموضوع - اسم جغرافى
الاسم الجغرافي تونيس
التقسيم الفرعي العام تاريخ
التقسيم الفرعي الزمني العصر الاسلامى
651 04 - المدخل الاضافى بالموضوع - اسم جغرافى
الاسم الجغرافي ليبيا
التقسيم الفرعي العام تاريخ
التقسيم الفرعي الزمني العصر الاسلامى
942 ## - عناصر المدخل الإضافي( كوها)
مصدر التصنيف او مخطط الترفيف Dewey Decimal Classification
Koha [default] item type كتاب
260 ## - PUBLICATION, DISTRIBUTION, ETC. (IMPRINT)
-- بنغازى :
-- جامعة الزاوية ،
Holdings
حالة التراجع حالة الفقد حالة تلف ليس للاعارة المكان المؤقت الموقع الحالى موقع الترفيف تاريخ الاكتساب اجمالي اﻻعارات رقم الطلب الباركود تاريخ اخر مشاهدة تاريخ تفعيل السعر نوع وعاء كوها
        مكتبة القاهرة الكبرى مكتبة القاهرة الكبرى القاعة الرئيسية 08/08/2016   953.072\ م ت 162289 08/08/2016 08/08/2016 كتاب
        مكتبة القاهرة الكبرى مكتبة القاهرة الكبرى القاعة الرئيسية 01/21/2018   953.072\ م ت 164064 01/21/2018 01/21/2018 كتاب

Powered By

EGPV